| 000 | 00616cam a22002174a 4500 | ||
|---|---|---|---|
| 005 | 20260420173454.0 | ||
| 008 | 010626s2001 enk b 001 0 eng | ||
| 010 | _a 2001036385 | ||
| 020 | _a0199241740 (hbk) | ||
| 082 | _a330.1 LAK | ||
| 100 | 1 | _aLake, Christopher | |
| 245 | 1 | 0 |
_aEquality and responsibility / _cChristopher Lake |
| 260 |
_aNew York : _bOxford University Press, _c2001. |
||
| 300 |
_avii, 172 p. ; _c24 cm. |
||
| 365 | _bRs. 3580.00 | ||
| 650 | 0 | _aDistributive justice. | |
| 650 | 0 | _aDistribution (Economic theory) | |
| 650 | 0 | _aEquality. | |
| 650 | 0 | _aResponsibility. | |
| 942 |
_2ddc _cBK |
||
| 999 |
_c22123 _d22123 |
||